Anatomía Humana. Descriptiva, topográfica y funcional. (Registro nro. 2148)

Detalles MARC
000 -LEADER
fixed length control field 00902nam a2200265 a 4500
005 - FECHA ULTIMA MODIFICACION
control field 20240528104835.0
008 - CAMPO DE CONTROL (LIBRO)
fixed length control field 101001t1996||||sp a f |||| 001 0 spa d
020 ## - INTERNATIONAL STANDARD BOOK NUMBER
ISBN 8445805088
041 ## - CODIGO DE IDIOMA
Código de idioma del texto/pista de sonido o título separado spa
092 ## - SIGNATURA TOPOGRAFICA DEWEY LOCAL
número de clasificación 611
libristica 75
sección ROU
100 1# - ENTRADA PRINCIPAL--NOMBRE PERSONAL
Nombre personal Rouviere, Henri
9 (RLIN) 74
245 ## - TITULO PROPIAMENTE DICHO
Título Anatomía Humana. Descriptiva, topográfica y funcional.
Subtítulo y Título paralelo T.2 Tronco /
Mención de responsabilidad y remanente de la transcripción de la portada H. Rouviere.
250 ## - MENCION DE EDICION
Mención de edición 9a ed.
Mención de responsabilidad relacionada con la ed. Versión en español dirigida por E. Acosta Vidrio
260 ## - PIE DE IMPRENTA
Lugar de publicación, distribución, etc Barcelona:
Nombre de la editorial, distribuidor, etc Masson;
Fecha de publicación 1996.
300 ## - DESCRIPCION FISICA
Extension 687 p.
Otros detalles físicos il.
500 ## - NOTA GENERAL
Nota general Rouviere, H. y Delmas, A. (1996). Anatomía Humana. Descriptiva, topográfica y funcional. T.2 Tronco. (9a ed.). Barcelona : Masson.
653 ## - TÉRMINO INDIZADO - PALABRAS CLAVES
Palabra clave Tronco
653 ## - TÉRMINO INDIZADO - PALABRAS CLAVES
Palabra clave Corazón y vasos del tronco
653 ## - TÉRMINO INDIZADO - PALABRAS CLAVES
Palabra clave Visceras del tronco
653 ## - TÉRMINO INDIZADO - PALABRAS CLAVES
Palabra clave Abdomen
653 ## - TÉRMINO INDIZADO - PALABRAS CLAVES
Palabra clave Región lumbar y pelvis menor
653 ## - TÉRMINO INDIZADO - PALABRAS CLAVES
Palabra clave Periné
700 1# - ENTRADAS SECUNDARIAS - NOMBRE PERSONAL
Título del trabajo Delmas, André
9 (RLIN) 75
942 ## - ADDED ENTRY ELEMENTS (KOHA)
Source of classification or shelving scheme Dewey Decimal Classification
Item type Libros
Existencias
Estado de retiro Existencia Fuente de clasificación Estado general No para prestamo Ubicación permanente ubicación actual Sala de ubicación Fecha de adquisición Fuente de adquisición Total Checkouts Total Renewals Número de clasificación Código de barras Date last seen Date last borrowed Número de ejemplar Price effective from Koha tipo de elemento (item) Public note Coded location qualifier
    Dewey Decimal Classification     Biblioteca Medicina Biblioteca Medicina Circulación 11/03/2015 Donación Florencia Benatti, Marzo 2015 35 1 611 75 ROU 3465 23/09/2019 19/09/2019 Ej. 7 11/03/2015 Libros Donación Florencia Benatti, marzo 2015. Hemeroteca 2022  

UNIVERSIDAD NACIONAL DEL COMAHUE
Biblioteca de la Facultad de Ciencias Médicas
Sede Toschi: Los Arrayanes y Av. Toschi, Cipolletti  - Rio Negro
Sede Los Tordos:  Yrigoyen al 2211, Cipolletti - Rio Negro 

Teléfono: 0299 - 4774707 int 25
Contacto: biblioteca@facimed.uncoma.edu.ar
© 2011 - 2026